000 00705nam a22002657a 4500
003 UA-OsUOA
001 26369
007 ta
008 20040527b un ||||| |||| 00| 0 ukr d
100 _aВатутин В.А.
700 _aТелевинова Т.М.
700 _aЧистяков В.П.
090 _a519.21
_bВ21
942 _cBK
040 _aUA-OsUOA
_brus
_cUA-OsUOA
_dUA-OsUOA
245 _aВероятносные методы в физических исследованиях
300 _a208 с.
_bІлюстрації
955 _a0
041 _arus
080 _a519.21
260 _aМосква
_bНаука
_c1985
044 _aRU
650 7 _2UDC
999 _c312691
_d312691